| 000 | 00000nam 2200000za 4500 |
| 001 | 9.582460 |
| 003 | CaOODSP |
| 005 | 20210624192049 |
| 007 | cr ||||||||||| |
| 008 | 150406s2003 xxc|||||o f|0| 0 fre d |
| 040 | |aCaOODSP|bfre |
| 041 | |aeng |
| 041 | |afre |
| 043 | |an-cn--- |
| 086 | 1 |aS52-2/253-2003-PDF |
| 110 | 1 |aCanada.|bTravaux publics et Services gouvernementaux Canada.|bBureau de la traduction. |
| 245 | 10|aLexique trilingue sur le cyclisme |h[ressource électronique] / |c[par] Elizabeth Fragua. |
| 260 | |aOttawa : |bTravaux publics et Services gouvernementaux Canada, |c2003. |
| 300 | |a91 p. |
| 490 | 1 |aBulletin de terminologie ; |vN° 253 |
| 500 | |aNotice signalée dans la Liste hebdomadaire 2006 no 10. Texte en anglais, français et espagnol. «Il renferme plus de 200 entrées, y compris des données terminologiques sur le cyclisme en général.» -- Intro. |
| 504 | |aBibliographie. |
| 546 | |aTexte en anglais, français et espagnol. |
| 691 | 07|aTerminologie|2gcpds |
| 700 | 1 |aFragua, Elizabeth. |
| 791 | |tTrilingual cycling glossary |eeng|w(CaOODSP)9.582459 |
| 830 | #0|aBulletin de terminologie ;|vN° 253|w(CaOODSP)9.500140 |
| 856 | 40|ahttp://publications.gc.ca|qPDF|s628 Ko|uhttps://publications.gc.ca/collections/Collection/S52-2-253-2003.pdf|yN° 253 |